marques de voiture - Statistiques

Statistiques générales
  • Ce quiz a été pris 1 202 fois
  • Le résultat moyen est 14 sur 16
Statistiques - réponses
Par images Réponse % Correct
Citroën
99%
Ferrari
99%
Audi
98%
Mercedes
98%
Opel
95%
Renault
95%
Toyota
95%
Suzuki
94%
Peugeot
93%
Fiat
92%
Nissan
92%
Volkswagen
89%
Hyundai
83%
Bugatti
80%
Dacia
73%
Subaru
70%
Aucun quiz correspondant
Distribution des résultats
% des personnes avec chaque résultat
Percentile par nombre de réponses
Votre historique - résultats
Vous n’avez pas pris ce quiz